Danny Trejo Filmography - Statistics

General Stats
  • This quiz has been taken 104 times
    18 since last reset
  • The average score is 51 of 494
Answer Stats
Type Year Name % Correct
Film 2001 SPY kids
90%
Film 2002 Spy Kids 2: The Island of Lost Dreams
90%
Film 2010 Machete
80%
Film 2003 Spy Kids 3-D: Game Over
80%
Film 1996 From Dusk till Dawn
70%
TV Show 2015 From Dusk till Dawn: The Series
70%
Film 2013 Machete Kills
70%
Film 1997 Con Air
60%
Film 1995 Desperado
60%
Film 2007 Grindhouse
60%
Film 1995 Heat
60%
Film 2011 Spy Kids: All the Time in the World
60%
Film 2009 The Grind
60%
TV Show 2017, 2019 American Dad!
40%
Film 1997 Anaconda
40%
Film 2004 Anchorman: The Legend of Ron Burgundy
40%
Film 2012 Bad Ass
40%
TV Show 2009, 2010 Breaking Bad
40%
Film 2013 Death Race 3: Inferno
40%
Film 1999 Desert Heat
40%
TV Show 2019 Family Guy
40%
Film 1999 From Dusk Till Dawn 2: Texas Blood Money
40%
Film 2007 Halloween
40%
Film 1999 Inferno
40%
Film 2003 Once Upon a Time in Mexico
40%
Film 1985 Runaway Train
40%
Film 2015 3-Headed Shark Attack
30%
Film 2000 Animal Factory
30%
Film 2014 Bad Asses
30%
TV Show 1991, 1992 Baywatch
30%
Film 1993 Blood In Blood Out
30%
Film 2012 Bro'
30%
TV Show 2017 Brooklyn Nine-Nine
30%
Film 2001 Bubble Boy
30%
Film 2014 BULLET
30%
Video Game 2022 Far Cry 6: The Vanishing
30%
Film 1999 From Dusk Till Dawn 3: The Hangman's Daughter
30%
Film 2010 Gun
30%
Film 1996 Le Jaguar
30%
Film 2007 Planet Terror
30%
Film 1998 Point Blank
30%
Film 2010 Predators
30%
TV Show 2017, 2018, 2019 The Flash
30%
Film 1998 The Replacement Killers
30%
Film 2020 The SpongeBob Movie: Sponge on the Run
30%
TV Show 2000 The X-Files
30%
TV Show 1998, 1999 Walker, Texas Ranger
30%
Film 2002 xXx
30%
Film 2019 3 from Hell
20%
TV Film 1994 Against the Wall
20%
TV Show 2003 Alias
20%
Web Series 2021 American Horror Stories
20%
Film 2015 Bad Asses on the Bayou
20%
TV Show 2019 Blue Bloods
20%
Film 1987 Bulletproof
20%
Film 1989 Cage
20%
Video Game 2011 Call of Duty: Black Ops
20%
Video Game 2019 Call of Duty: Black Ops 4
20%
Documentary 2005 Champion
20%
Film 2005 Chasing Ghosts
20%
Film 2022 Clerks III
20%
Film 1994 Criminal Passion
20%
Film 2011 Cross
20%
Film 1995 Dead Badge
20%
Film 2010 Death Race 2
20%
Film 2018 Death Race: Beyond Anarchy
20%
Film 1987 Death Wish 4: The Crackdown
20%
Film 1997 Dilemma
20%
TV Show 2015 Disney Mickey Mouse
20%
Film 1993 Doppelganger
20%
TV Show 2017 Explosion Jones
20%
Film 2009 Fanboys
20%
Film 2013 Force of Execution
20%
Film 2019 Grand-Daddy Day Care
20%
Video Game 2002 | 2006 Grand Theft Auto: Vice City
20%
Film 1990 Guns
20%
Film 2015 Hope Lost
20%
Film 2011 House of the Rising Sun
20%
TV Show 2001-2010 King of the Hill
20%
Film 2009 La Linea
20%
Film 1989 Lock Up
20%
Film 1991 Lonely Hearts
20%
Film 1993 Love, Cheat & Steal
20%
Film 2019 Madness in the Method
20%
Film 1990 Maniac Cop 2
20%
Film 1990 Marked for Death
20%
Web Special 2021 Muppets Haunted Mansion
20%
Film 2014 Muppets Most Wanted
20%
Film 2002 Nightstalker
20%
Film 2014 Preggoland
20%
Web Series 2017 Real Rob
20%
Film 2014 Reaper
20%
Film 2000 Reindeer Games
20%
TV Show 2017 Rick and Morty
20%
Film 2015 Ridiculous 6
20%
Film 1998 Six Days, Seven Nights
20%
Film 2001 Skippy
20%
TV Show 2011-2012 Sons of Anarchy
20%
Film 2016 Storks
20%
Film 2012 Sushi Girl
20%
TV Show 2017, 2019 Tangled: The Series
20%
TV Show 2015-2018 The Adventures of Puss in Boots
20%
Film 2003 The Big Empty
20%
Film 2014 The Book of Life
20%
Film 2005 The Devil's Rejects
20%
Film 2009 The Haunted World of El Superbeasto
20%
Film 2010 The Killing Jar
20%
Film 2022 The Legend of La Llorona
20%
Film 2002 The Salton Sea
20%
Film 1995 The Stranger
20%
Film 1997 Trojan War
20%
Film 2015 VANish
20%
Film 1994 Victor One
20%
Film 1991 Wedlock
20%
Film 1999 Whiteboyz
20%
Film 2013 Zombie Hunter
20%
Film 2002 13 Moons
10%
Film 2016 1st Strike
10%
Film 2014 20 Ft Below: The Darkness Descending
10%
Web Series 2019 3Below: Tales of Arcadia
10%
Film 2015 4Got10
10%
Film 2019 Acceleration
10%
Film 2016 A Horse Story
10%
Film 2017 All About the Money
10%
Film 2005 All Souls Day
10%
Film 2010 American Flyer
10%
TV Show 2021 American Gods
10%
Film 2020 American Pie Presents: Girls' Rules
10%
Short Film 1998 An Eye for Talent
10%
Music Video 2014 Angel in Blue Jeans
10%
Film 2009 Babysitters Beware
10%
Film 1989 Bail Out
10%
Film 2007 Battle for Terra
10%
Film 2010 Beatdown
10%
Short Film 2002 Beat the Devil
10%
Film 2016 Beyond the Game
10%
Film 2018 Big Kill
10%
TV Show 2011 Bones
10%
Film 2012 Breaking Wind
10%
Film 2019 Bullets of Justice
10%
Film 2018 Bully
10%
TV Show 2010 Burn Notice
10%
Video Game 2011 Call of the Dead
10%
Film 1991 Carnal Crimes
10%
Film 1997 Champions
10%
Film 2013 Chavez Cage of Glory
10%
Film 2019 Counterpunch
10%
Video Game 2023 Crime Boss: Rockay City
10%
Film 2017 Cross Wars
10%
Film 2016 Cyborg X
10%
Film 2017 Dead Again in Tombstone
10%
Film 2013 Dead in Tombstone
10%
TV Film 2006 Death Row
10%
Film 2002 Do It for Uncle Manny
10%
Film 2019 Dora and the Lost City of Gold
10%
TV Show 2008 El Tigre: The Adventures of Manny Rivera
10%
Commercial 2009 ESPN Monday Night Football
10%
Film 2009 Eyeborgs
10%
Video Game 2010 Fallout: New Vegas
10%
Film 1991 Femme Fatale
10%
Film 2020 Final Kill
10%
Film 2013 Five Thirteen
10%
Music Video 2018 Flames
10%
TV Show 2005 George Lopez
10%
TV Film 2012 Ghostquake
10%
Film 2018 Gone Are the Days
10%
Film 2022 Good Mourning
10%
Music Video 2004 Got It Twisted
10%
Video Game 2006 Grand Theft Auto: Vice City Stories
10%
Video Game 1993 Ground Zero Texas
10%
TV Film 2012 Haunted High
10%
TV Show 2017, 2023 Hell's Kitchen
10%
Short Film 2002 Hiding in Walls
10%
Film 2006 High Hopes
10%
Film 2006 Hood of Horror
10%
Documentary 2019 Inmate #1: The Rise of Danny Trejo
10%
Film 2014 In the Blood
10%
Web Series 2022 Iron Chef: Quest for an Iron Legend
10%
Music Video 2002 Isle of Dreams
10%
TV Show 1992 Jake and the Fatman
10%
Film 2017 Juarez 2045
10%
TV Show 2018 Kidding
10%
Film 1989 Kinjite: Forbidden Subjects
10%
Film 2015 L.A. Slasher
10%
Video Game 2024 Like a Dragon: Infinite Wealth
10%
Music Video 2008 Like Yeah
10%
Film 1997 Los Locos
10%
Film 2004 Lost
10%
Film 2020 Lumpia with a Vengeance
10%
Web Series 2021 Masters of the Universe: Revelation
10%
Film 2022 Minions: The Rise of Gru
10%
Film 1993 Mi Vida Loca
10%
TV Show 2010 Modern Family
10%
TV Show 2004 Monk
10%
Web Series 2023, 2024 Monsters at Work
10%
Web Series 2020 Muppets Now
10%
Film 2017 Murder in the Woods
10%
TV Film 1992 Nails
10%
TV Show 1996 Nash Bridges
10%
Film 2006 National Lampoon's TV: The Movie
10%
TV Show 2014 NCIS: Los Angeles
10%
Film 2008 Necessary Evil
10%
TV Show 2020 New Looney Tunes
10%
Film 2016 North by El Norte
10%
Film 2015 No Way Out
10%
TV Show 1996, 1998 NYPD Blue
10%
Film 2010 Pastor Shepherd
10%
Film 1987 Penitentiary III
10%
TV Show 2013 Phineas and Ferb
10%
TV Show 2015 Pig Goat Banana Cricket
10%
Film 2011 Poolboy: Drowning Out the Fury
10%
Film 1983 Project A
10%
Film 2006 Propensity
10%
Film 2021 Pups Alone
10%
Film 2016 Range 15
10%
Film 2014 Reach Me
10%
Film 2011 Recoil
10%
Web Series 2020 Reno 911!
10%
Film 2007 Richard III
10%
TV Film 2012 Rise of the Zombies
10%
Film 2018 #Roxy
10%
TV Film 2016 Rudy
10%
TV Show 2021 Running Wild with Bear Grylls
10%
TV Show 2014 Saint George
10%
Film 2009 Saint John of Las Vegas
10%
Short Film 2014 Scooby-Doo! Ghastly Goals
10%
Film 1992 Sex Crimes
10%
Film 2010 Shadows in Paradise
10%
Film 2006 Sherrybaby
10%
Film 2010 Shoot the Hero
10%
Film 1999 Six Shots of Tequila
10%
TV Film 2006 Slayer
10%
Film 2019 Slayer: The Repentless Killogy
10%
Film 2007 Smiley Face
10%
Commercial 2015 Snickers
10%
Film 1998 Soundman
10%
TV Show 2007 Stargate: Atlantis
10%
Film 1993 Sunset Grill
10%
TV Show 2014, 2017 Teenage Mutant Ninja Turtles
10%
Video Game 2014 Teenage Mutant Ninja Turtles: Danger of the Ooze
10%
Film 2010 The Bill Collector
10%
Film 2022 The Binge 2: It's a Wonderful Binge
10%
Web Series 2022 The Book of Boba Fett
10%
Film 2015 The Burning Dead
10%
TV Show 2011 The Cleveland Show
10%
Film 2013 The Cloth
10%
TV Show 2020 The Conners
10%
Film 2013 The Contractor
10%
Film 2005 The Crow: Wicked Prayer
10%
Film 2015 The Good, the Bad, and the Dead
10%
Film 1987 The Hidden
10%
Film 2021 The House Next Door: Meet the Blacks 2
10%
Film 2013 The Insomniac
10%
Film 2020 The Last Exorcist
10%
Film 1991 The Last Hour
10%
Film 2010 The Lazarus Papers
10%
TV Show 2021 The Masked Singer
10%
Film 2015 The Night Crew
10%
Film 2019 The Outsider
10%
TV Show 2023 The Patrick Star Show
10%
TV Show 2009 The Spectacular Spider-Man
10%
Film 2014 Throwdown
10%
Film 2010 Toxic
10%
TV Show 2016 TripTank
10%
Film 2008 Valley of Angels
10%
Film 2022 Vampfather
10%
Film 2014 Vengeance
10%
Film 2005 Venice Underground
10%
Film 2016 Vigilante Diaries
10%
Film 2011 Violet & Daisy
10%
Film 2014 Voodoo Possession
10%
TV Show 2019 What We Do in the Shadows
10%
Music Video 2012 Whistle Dixie
10%
Film 1991 Whore
10%
Film 2019 Wish Man
10%
TV Show 2011, 2019 Young Justice
10%
TV Film 1993 12:01
0%
Film 2023 1521: The Quest for Love and Freedom
0%
Film 2013 24 Seven
0%
Short Film 2009 3V Man
0%
Short Film 2004 51.50
0%
Film 2023 A Dark Way Out
0%
Film 2015 Alcatraz Prison Escape: Deathbed Confession
0%
Film 2008 Alone in the Dark II
0%
Film 2013 Amelia's 25th
0%
Film 2018 American Nightmares
0%
Film 2021 American Sicario
0%
Film 2022 A Tale of Two Guns
0%
Music Video 1996 Attitude
0%
Film 2017 Avenge the Crows
0%
Film 2011 A Very Harold & Kumar 3D Christmas
0%
Short Film 2013 Bang.com
0%
Film 2019 Bare Knuckle Brawler
0%
Music Video 2007 Bartender Song (Sittin' at a Bar)
0%
TV Show 2022 Better Things
0%
TV Show 2018-Present Big City Greens
0%
Film 2013 Bilet na Vegas
0%
Film 2019 Black Licorice
0%
Short Film 2020 Black Oxygen: Life Is Beautiful
0%
Film 2011 Blacktino
0%
TV Show 2007 Blood Ties
0%
Film 2017 BorderCross
0%
Film 2010 Boston Girls
0%
Short Film 2016 Bridesman
0%
TV Show 1998 Brooklyn South
0%
Music Video 2008 Burnin' Up
0%
Short Film 2017 Calico Queens
0%
Film 2022 Caroltyn
0%
TV Show 2021 Celebrity IOU: Joyride
0%
Film 2017 China Test Girls
0%
Film 2020 Cover Me
0%
Short Film 2009 Cowboy Dreams
0%
Film 2019 Cross: Rise of the Villains
0%
TV Show 2010 Cubed
0%
Film 2000 Cuenta Saldada
0%
Film 2006 Danny Roane: First Time Director
0%
Web Mini-Series 2020 Danny's Diary
0%
Video Game 2012 Danny Trejo's Vengeance: Woz with a Coz
0%
Film 2010 Dark Games
0%
Film 2017 Death House
0%
Film 2023 Death on the Border
0%
Film 2021 Death Rider in the House of Vampires
0%
Music Video 2007 Definition of an Ese
0%
Video Game 2004 Def Jam: Fight for NY
0%
Film 2007 Delta Force
0%
TV Show 2005 Desperate Housewives
0%
Film 2024 Detour 95
0%
Short Film 2016 Dodge, PsychoBandits
0%
Film 2021 Donny's Bar Mitzvah
0%
Documentary 2008 D.O.P.E. Death or Prison Eventually
0%
Music Video 2003 Double Blade
0%
TV Film 1991 Doublecrossed
0%
Music Video 2022 Drama
0%
Short Film 2013 Dream Date
0%
Film 2005 Dreaming on Christmas
0%
TV Show 2012 Dr. Fubalous
0%
TV Mini-Series 1990 Drug Wars: The Camarena Story
0%
TV Show 2020 Dynasty
0%
TV Show 2017, 2019, 2020 Elena of Avalor
0%
Film 2008 El Superstar: The Unlikely Rise of Juan Frances
0%
Short Film 2019 Every 9 Hours
0%
Music Video 2013 Everybody Knows
0%
TV Show 1995 Fallen Angels
0%
Web Series 2021 Fast & Furious Spy Racers
0%
Documentary Series 2023 Finding Your Roots with Henry Louis Gates, Jr.
0%
Short Film 2022 Fire-Man's Fetish
0%
Film 2010 Food Stamps
0%
TV Show 2011 Franklin & Bash
0%
Film 2018 Frat Pack
0%
Film 2007 Furnace
0%
Film 2018 Fury of the Fist and the Golden Fleece
0%
TV Show 2014 Get Lost
0%
Film 2024 Gracie and Pedro's Not So Awesome Adventure
0%
TV Show 2004 Grounded for Life
0%
Short Film 2015 Guiltless
0%
Film 2016 Halloweed
0%
TV Show 2006 Heist
0%
Web Series 2020 Helpsters
0%
TV Film 2018 Hooked
0%
Film 2023 Hunting Games
0%
Film 2008 I Am Somebody: No Chance in Hell
0%
Music Video 2022 I Dance
0%
Film 2011 In the Shadow
0%
Short Film 2016 Irwindale
0%
Film 2008 Jake's Corner
0%
Film 2010 Justin Time
0%
Music Video 1997 Keep Hope Alive
0%
TV Mini-Series 2003 Kingpin
0%
Film 2013 Kurer iz 'Raya'
0%
Music Video 2023 La Chamba
0%
TV Film 1993 Last Light
0%
Film 2006 Living the Dream
0%
Music Video 2013 Loco
0%
TV Show 2023 Lopez vs. Lopez
0%
Film 2020 Lunar Effect
0%
Short Film 2010 Machete Don't Text
0%
Music Video 2019 Mamacita
0%
Documentary Series 2017-2018 Man at Arms: Art of War
0%
Film 2012 Mango Bajito
0%
TV Documentary 2016 Map of Hell
0%
TV Show 2013 Maron
0%
Documentary Series 2015 Mavericks
0%
Film 2017 Maximum Impact
0%
Web Mini-Series 2021 Maya and the Three
0%
Film 2017 McDick
0%
Film 2010 Mexican Devil
0%
Film 2023 Miami Bici 2
0%
Film 2009 Modus Operandi
0%
Music Video 2016 Money
0%
Film 2014 Mostly Ghostly: Have You Met My Ghoulfriend?
0%
Film 2017 Mutafukaz
0%
TV Show 2019-2020 My American Family
0%
TV Film 1999 No Mothers Crying, No Babies Dying
0%
Music Video 2016 Norma and Jessica
0%
Commercial 2011-2014 Old El Paso
0%
Film 2007 On Bloody Sunday
0%
Music Video 2011 Open Your Eyes
0%
Short Film 2020 OYLS (For Your Consideration)
0%
Web Series 2022 PBC
0%
Film 2013 Pendejo (Idiot)
0%
Commercial 2022 Pepsi Zero Sugar
0%
Film 2010 Perfect Sunday
0%
Film 2020 Pistolera
0%
Short Film 2010 Predators Motion Comics: Moment of Extraction
0%
Music Video 2016 Pride in Prejudice
0%
Film 2010 Project x27
0%
Film 2015 Pure Love
0%
Short Film 2017 Puss in Book: Trapped in an Epic Tale
0%
Film 2018 Railroad to Hell: A Chinaman's Chance
0%
Film 2008 Ranchero
0%
TV Show 1992 Reasonable Doubts
0%
Film 2020 Remnants of the Fallen
0%
TV Show 1996 Renegade
0%
Film 2022 Renegades
0%
Music Video 2015 Repentless
0%
TV Show 2023 RuPaul's Drag Race
0%
Web Series 2023 RuPaul's Drag Race: Untucked!
0%
Music Video | Short Film 2010 Sebring
0%
Web Series 2019 Seis Manos
0%
Film 2006 Seven Mummies
0%
Film 2021 Shadow of the Cat
0%
TV Film 1989 Shannon's Deal
0%
Film 2014 Shapshot
0%
Short Film 2003 Shuang dao
0%
Film 2018 Silencer
0%
Short Film 2002 Simplicity
0%
Film 2010 Six Days in Paradise
0%
Film 2019 Slasher Party
0%
Commercial 2016 Sling TV
0%
Film 2022 Smile or Hug
0%
Short Film 2015 Sock 'em Dead
0%
TV Short 2011 St. James St. James Presents: Delirium Cinema
0%
Film 2015 Street Level
0%
Film 2014 Strike Out
0%
TV Special 2023 Summer Shortstacular with Big City Greens
0%
Video Game 2017 Taco Run!
0%
Film 2006 Taphephobia
0%
Film 2005 Tennis, Anyone...?
0%
Film 2008 The Art of Travel
0%
Film 2022 The Asphalt Ballad of Lenny Disco
0%
Short Film 2021 The Black Hole
0%
TV Show 2007 The Blue Rose
0%
Film 2009 The Boys of Ghost Town
0%
TV Show 2003 The Brothers García
0%
TV Show 2021 The Casagrandes
0%
Film 2005 The Curse of El Charro
0%
TV Show 2014 The Daily Show
0%
TV Show 2002 The District
0%
Video Game 2010 The Fight: Lights Out
0%
Short Film 2020 The Fixer
0%
TV Show 2022-2023 The Ghost and Molly McGee
0%
TV Show 2010 The Good Guys
0%
Film 2018 The Green Ghost
0%
TV Show 2012 The High Fructose Adventures of Annoying Orange
0%
TV Show 2007 The Knights of Prosperity
0%
Film 2021 The Legend of Johnny James
0%
Film 2024 The Legend of Johnny Jones
0%
Film 2016 The Lost Day
0%
Film 2019 The Margarita Man
0%
TV Show 2023 Theme Song Takeover
0%
Web Series 2023 The Muppets Mayhem
0%
Documentary Series 2021 The Next Thing You Eat
0%
Film 2022 THE PREY: Legend of Karnoctus
0%
Film 2021 The Rebels of PT-218
0%
Short Film 2023 The Shift
0%
Film 2019 The Short History of the Long Road
0%
Film 2024 The Street Avenger
0%
Short Film 2015 The Weight of Blood and Bones
0%
TV Show 2008 The Young and the Restless
0%
Film 2018 The Zephyr Bones: The Arrow of Our Youth
0%
Film 2008 Through the Valley
0%
Film 2013 Ticket to Vegas
0%
TV Show 2010 Tim and Eric Awesome Show, Great Job!
0%
Film 2013 Top Cat: The Movie
0%
TV Show 2013 Tosh.0
0%
Web Series 2021 Total Badass Wrestling
0%
TV Show 1998 Tracey Takes On...
0%
Film 2022 | 2023 Una Preghiera per Giuda
0%
Film 2007 Urban Justice
0%
TV Show 1995 Vanishing Son
0%
TV Show 2020-2022 Victor & Valentino
0%
Film 2004 Wake Up, Ron Burgundy: The Lost Movie
0%
Music Video 2017 Walk on Water
0%
Film 1989 W.B., Blue and the Bean
0%
Music Video 2012 We are the Party
0%
Film 2021 Welcome to Our World
0%
TV Mini-Series 2019 We're Alive: Goldrush
0%
TV Show 2017 What Would Trejo Do?
0%
Film 2022 Wolf Mountain
0%
Short Film 2018 Woman
0%
Music Video 2016 You Against You
0%
No matching quizzes found
Score Distribution
Percent of People with Each Score
Percentile by Number Answered
Your Score History
You have not taken this quiz since the last reset